Statistics for Diaspora-Philippines

Click here to take the quiz!

General Stats

  • This quiz has been taken 37 times
    (26 since last reset)
  • The average score is 21 of 30

Answer Stats

Number of immigrants Continent Country % Correct
210.798AsiaChina
100%
851.410North AmericaCanada
100%
4.037.564North AmericaUnited States of America
95%
325.089AsiaMalaysia
95%
938.490AsiaSaudi Arabia
95%
144.000EuropeUnited Kingdom
95%
679.819AsiaUnited Arab Emirates
91%
251.934-260.553AsiaJapan
91%
232.386OceaniaAustralia
91%
163.000AsiaSingapore
91%
108.520AsiaTaiwan
86%
40.347OceaniaNew Zealand
82%
63.464AsiaSouth Korea
82%
115.362EuropeSpain
82%
113.686EuropeItaly
82%
17.574AsiaThailand
77%
195.000AsiaQatar
73%
276.000AsiaKuwait
73%
20.589EuropeGermany
73%
31.000AsiaIsrael
59%
13.000EuropeSweden
59%
10.000EuropeSwitzerland
50%
29.144AsiaLebanon
50%
25.000OceaniaPapua New Guinea
50%
16.719Europethe Netherlands
45%
12.791EuropeIreland
45%
12.474EuropeAustria
45%
12.262EuropeNorway
41%
20.000AsiaBrunei
36%
8.000AsiaKazakhstan
9%

Score Distribution

Percentile by Number Answered

Percent of People with Each Score

Your Score History

You have not taken this quiz since the last reset